000 00450nam a2200193Ia 4500
008 101110s9999 xx 000 0 und d
041 _aENGLISH
082 _bSR2766
_a823
100 _aQuill Couch A.T.
245 _aThe Roll Call of Honour
365 _b3
520 _aEnglish
546 _aENGLISH
630 _aThe Roll Call of Honour
650 _aEnglish
655 _aEnglish
730 _aThe Roll Call of Honour
942 _cBOOK
999 _c799486
_d799483